True discipleship. (Record no. 12677)

000 -LEADER
fixed length control field 00532nam a2200181 a 4500
001 - CONTROL NUMBER
control field :::00010491$&:&@@
003 - CONTROL NUMBER IDENTIFIER
control field OkBaRHE
005 - DATE AND TIME OF LATEST TRANSACTION
control field 20000607103359.0
008 - FIXED-LENGTH DATA ELEMENTS--GENERAL INFORMATION
fixed length control field s1975 j 000 0 eng u
040 ## - CATALOGING SOURCE
Transcribing agency
100 1# - MAIN ENTRY--PERSONAL NAME
Personal name MacDonald, William.
245 10 - TITLE STATEMENT
Title True discipleship.
260 ## - PUBLICATION, DISTRIBUTION, ETC. (IMPRINT)
Place of publication, distribution, etc Kansas City, KS., :
Name of publisher, distributor, etc Walterick Publishers
Date of publication, distribution, etc c1975
300 ## - PHYSICAL DESCRIPTION
Extent 141 p. ;
Dimensions 17 cm.
650 ## - SUBJECT ADDED ENTRY--TOPICAL TERM
Topical term or geographic name as entry element Christian Life
942 ## - ADDED ENTRY ELEMENTS (KOHA)
Source of classification or shelving scheme
Koha item type Books
Copies
Copy number Price effective from Date last seen Barcode Shelving location Full call number Withdrawn status Permanent Location Lost status Not for loan Damaged status Koha item type Source of classification or shelving scheme Date acquired
12010-04-142010-04-1410491General StacksBV 4501 .M3 RHEMA Bible Training College   Books 2010-04-14